|
|
|
|
| LEADER |
00862nam a2200253 4500 |
| 001 |
30873 |
| 003 |
BD-DhAAL |
| 005 |
20160210163718.0 |
| 008 |
160210s2015 bg ||||| |||| 00| 0 eng d |
| 020 |
|
|
|a 97881500731076
|
| 040 |
|
|
|a BD-DhAAL
|c BD-DhAAL
|
| 082 |
|
|
|2 22
|a 821
|
| 999 |
|
|
|c 35892
|d 35892
|
| 999 |
|
|
|c 35892
|
| 100 |
|
|
|a Pirandello, Luigi
|9 17960
|
| 245 |
|
|
|a The late Mattia Pascal /
|c Luigi Pirandello, translated from the Italian by Arthur Livingston
|
| 264 |
|
|
|a New York :
|b Doubleday,
|c 1964.
|
| 300 |
|
|
|a xviii pages.
|c 25 cm.
|
| 526 |
|
|
|a ENH
|
| 541 |
|
|
|e 30873
|
| 650 |
|
|
|a Librarians
|v Fiction
|9 17961
|
| 700 |
|
|
|a Livingston, Arthur
|9 17962
|
| 942 |
|
|
|2 ddc
|c BK
|
| 952 |
|
|
|0 0
|1 0
|2 ddc
|4 0
|6 821_000000000000000_PIR
|7 0
|9 57720
|a BRACUL
|b BRACUL
|c GEN
|d 2016-01-21
|e R K Corporation
|g 2550.00
|l 0
|o 821 PIR
|p 3010030873
|r 2016-01-26
|t 1
|v 2550.00
|w 2016-01-21
|y BK
|